ბათუმის შოთა რუსთაველის სახელმწიფო უნივერსიტეტის ბიბლიოთეკა

Физическая химия: книга 1= PHYSICAL CHEMISTRY. (ბიბ.ჩანაწერი № 37044)

000 -LEADER
fixed length control field 00765nam a2200229Ia 4500
001 - CONTROL NUMBER
control field 2998
003 - CONTROL NUMBER IDENTIFIER
control field GE_BSU
008 - FIXED-LENGTH DATA ELEMENTS--GENERAL INFORMATION
fixed length control field 181216s||||||||xx |||||||||||||| ||und||
040 ## - CATALOGING SOURCE
Transcribing agency GE_BSU
080 ## - UNIVERSAL DECIMAL CLASSIFICATION NUMBER
Universal Decimal Classification number 541.1(075.8)
100 ## - MAIN ENTRY--PERSONAL NAME
Personal name Мелвин-Хьюз,Э.Я.
245 ## - TITLE STATEMENT
Title Физическая химия: книга 1= PHYSICAL CHEMISTRY.
245 ## - TITLE STATEMENT
Statement of responsibility, etc. Под общ. ред. Я.И.Герасимова.
250 ## - EDITION STATEMENT
Edition statement Перевод с англ-го: Е.Н.Еремина, О.М.Полторака, Ю.В.Филиппова.
260 ## - PUBLICATION, DISTRIBUTION, ETC.
Place of publication, distribution, etc. М.
260 ## - PUBLICATION, DISTRIBUTION, ETC.
Name of publisher, distributor, etc. Изд-во иностранной литературы.
260 ## - PUBLICATION, DISTRIBUTION, ETC.
Date of publication, distribution, etc. 1962.
300 ## - PHYSICAL DESCRIPTION
Extent 520 стр. 27см.
653 ## - INDEX TERM--UNCONTROLLED
Uncontrolled term Физическая химия.
653 ## - INDEX TERM--UNCONTROLLED
Uncontrolled term ქიმია
942 ## - ADDED ENTRY ELEMENTS (KOHA)
Koha item type წიგნი
ეგზემპლარები
Withdrawn status Lost status Damaged status Not for loan Date acquired Barcode Date last seen Price effective from Koha item type
        2018-12-17 9505 2018-12-17 2018-12-17 წიგნი